LEADER 02263nam 2200565 a 450 001 9910781855803321 005 20200520144314.0 010 $a1-61470-100-8 035 $a(CKB)2550000000060063 035 $a(EBL)3019288 035 $a(SSID)ssj0000569283 035 $a(PQKBManifestationID)12216476 035 $a(PQKBTitleCode)TC0000569283 035 $a(PQKBWorkID)10541359 035 $a(PQKB)10445945 035 $a(MiAaPQ)EBC3019288 035 $a(Au-PeEL)EBL3019288 035 $a(CaPaEBR)ebr10670853 035 $a(OCoLC)757742833 035 $a(EXLCZ)992550000000060063 100 $a20090820d2010 uy 0 101 0 $aeng 135 $aur|n|---||||| 181 $ctxt 182 $cc 183 $acr 200 00$aIntelligence oversight and disclosure issues$b[electronic resource] /$fPhilipp R. Haas, editor 210 $aHauppauge, N.Y. $cNova Science Publishers$dc2010 215 $a1 online resource (143 p.) 225 1 $aIntelligence and counterintelligence studies series 300 $aDescription based upon print version of record. 311 $a1-60741-321-3 320 $aIncludes bibliographical references and index. 327 $aCongressional oversight of intelligence : current structure and alternatives / Frederick M. Kaiser -- Intelligence issues for Congress / Richard A. Best, Jr. -- Intelligence spending : public disclosure issues / Richard A. Best, Jr. and Elizabeth B. Bazan -- Director of National Intelligence Statutory Authorities : status and proposals / Richard A. Best Jr. and Alfred Cumming -- Covert action : legislative background and possible policy questions. 410 0$aIntelligence and counterintelligence studies series. 606 $aIntelligence service$zUnited States 606 $aLegislative oversight$zUnited States 606 $aDisclosure of information$zUnited States 615 0$aIntelligence service 615 0$aLegislative oversight 615 0$aDisclosure of information 676 $a328.73/0746 701 $aHaas$b Philipp R$01580531 801 0$bMiAaPQ 801 1$bMiAaPQ 801 2$bMiAaPQ 906 $aBOOK 912 $a9910781855803321 996 $aIntelligence oversight and disclosure issues$93861512 997 $aUNINA LEADER 01113nam0 22002891i 450 001 UON00119372 005 20231205102710.561 100 $a20020107d1975 |0itac50 ba 101 $aeng 102 $aIN 105 $a|||| 1|||| 200 1 $aCaste in India$ethe facts and the system$fEmile Senart$gtranslated by E. Denison Ross 210 $aDelhi$cEss Ess Publications$d1975 215 $aXXIII, 220 p.$d21 cm 606 $aCASTE$xIndia$3UONC001158$2FI 620 $aIN$dNew Delhi$3UONL000110 686 $aSI XIII$cSUBCONT. INDIANO - SOCIOLOGIA$2A 700 1$aSENART$bEmile$3UONV002837$0193915 702 1$aROSS$bE. Denison$3UONV017428 712 $aEss Ess Publications$3UONV249902$4650 790 1$aDENISON ROSS, E.$zROSS, E. Denison$3UONV017429 801 $aIT$bSOL$c20240220$gRICA 899 $aSIBA - SISTEMA BIBLIOTECARIO DI ATENEO$2UONSI 912 $aUON00119372 950 $aSIBA - SISTEMA BIBLIOTECARIO DI ATENEO$dSI SI XIII 033 $eSI SA 3781 5 033 996 $aCaste in India$91317028 997 $aUNIOR LEADER 02147nam0 2200445 i 450 001 RAV0284168 005 20251003044329.0 010 $a8815056653 020 $aIT$b97-6575 100 $a19961203d1996 ||||0itac50 ba 101 | $aita 102 $ait 181 1$6z01$ai $bxxxe 182 1$6z01$an 200 1 $aˆIl ‰costo del vivere$eNord e Sud a confronto$fLuigi Campiglio 210 $aBologna$cil mulino$d[1996] 215 $a177 p.$d21 cm 225 | $aContemporanea$v92 300 $aSegue: Appendici. 410 0$1001CFI0006117$12001 $aContemporanea$v92 606 $aReddito$xDistribuzione$xItalia$x1991-1996$2FIR$3CFIC088041$9I 676 $a330.945$9SITUAZIONI E CONDIZIONI ECONOMICHE. ITALIA$v12 676 $a330.945092$9SITUAZIONI E CONDIZIONI ECONOMICHE. ITALIA. 1946-$v21 676 $a339.2$9$v12 676 $a339.2$9DISTRIBUZIONE DEL REDDITO E DELLA RICCHEZZA$v21 676 $a339.220945$9DISTRIBUZIONE PERSONALE DEL REDDITO E DELLA RICCHEZZA. ITALIA$v20 676 $a339.220945$9DISTRIBUZIONE PERSONALE DEL REDDITO E DELLA RICCHEZZA. Italia$v21 676 $a339.220945$9DISTRIBUZIONE PERSONALE DEL REDDITO E DELLA RICCHEZZA. Italia$v23 676 $a339.345$9REDDITO IN ITALIA$v20 700 1$aCampiglio$b, Luigi$3CFIV055613$4070$044106 801 3$aIT$bIT-000000$c19961203 850 $aIT-BN0095 $aIT-SA0200 $aIT-NA0452 901 $bNAP 63$cMOD $n$ 901 $bNAP IS$cISFSE $nSezione di materie economiche e sociali dell' ex Istituto sulle strutture finanziarie e lo sviluppo economico 901 $bNAP 01$cPOZZO LIB.$nVi sono collocati fondi di economia, periodici di ingegneria e scienze, periodici di economia e statistica e altri fondi comprendenti documenti di economia pervenuti in dono. 912 $aRAV0284168 950 0$aBiblioteca Centralizzata di Ateneo$c1 v.$d 01POZZO LIB.ECON MON 2989$e 01AR 0700301505E VMA 1 v. (Precedente collocazione AR 30 EC 150)$fB $h20140730$i20140730 977 $a 01$a 63$a IS 996 $aCosto del vivere$966420 997 $aUNISANNIO